00404nam a2200109Ia 4500008004100000041000800041082000800049100010300057245007700160260004900237300000800286221007s9999 xx 000 0 und d aeng bDES aDeshpande Ttiveni - 2k151072; Dr. Sonali Parchure - Guide & [Company Name] - Definedge Solutions aTechnical Analysis of Stocks in different Sectors of Indian Stock Market c2016bSavitribai Phule Pune UniversityaPune a67p